[Event "Madrid ch veteranos 2014"]
[Site "Madrid ESP"]
[Date "2014.01.15"]
[Round "7.10"]
[White "Osorio Ramos, Francisco"]
[Black "Canseco Arenas, Alfonso"]
[Result "0-1"]
[WhiteElo "1794"]
[BlackElo "1704"]
[PlyCount "90"]
[EventDate "2014.01.07"]
[EventType "swiss"]
[EventRounds "9"]
[EventCountry "ESP"]
[Source "lmi"]
[SourceDate "2014.01.07"]

1. Nf3 d6 2. d4 Nf6 3. c4 g6 4. Nc3 Bg7 5. e4 O-O 6. Be2 a6 7. O-O Bg4 8. h3
Bxf3 9. Bxf3 Nc6 10. Rb1 Rb8 11. b4 Nd7 12. Be3 e6 13. b5 axb5 14. Nxb5 Na5 15.
Be2 Nb6 16. Qc1 c6 17. Nxd6 Qxd6 18. c5 Qd8 19. Rxb6 Bxd4 20. Rd1 e5 21. Rb4
Bxe3 22. Qxe3 Qc7 23. Rb2 Rfd8 24. Rbd2 Kg7 25. Rd6 Rxd6 26. cxd6 Qd8 27. Qc3
f6 28. Kh1 b5 29. f4 b4 30. Qb2 exf4 31. e5 Kf7 32. exf6 Qxf6 33. Qxf6+ Kxf6
34. d7 Rd8 35. Ba6 c5 36. Bb5 c4 37. Ba4 c3 38. Bc2 Nc4 39. Rd4 Ne3 40. Rxf4+
Kg5 41. Rf2 Nxc2 42. Rxc2 Rxd7 43. a3 Rd2 44. Rc1 c2 45. Kh2 bxa3 0-1

[Event "Madrid ch veteranos 2014"]
[Site "Madrid ESP"]
[Date "2014.01.16"]
[Round "8.1"]
[White "Martin Martin, Luis Vicente"]
[Black "Fuentes Arjona, Antonio"]
[Result "0-1"]
[WhiteElo "2051"]
[BlackElo "1992"]
[PlyCount "68"]
[EventDate "2014.01.07"]
[EventType "swiss"]
[EventRounds "9"]
[EventCountry "ESP"]
[Source "lmi"]
[SourceDate "2014.01.07"]

1. d4 d5 2. Bf4 c5 3. e3 Nc6 4. c3 e6 5. Nf3 Nf6 6. Bd3 Bd6 7. Bg3 O-O 8. Nbd2
b6 9. Ne5 Bb7 10. f4 Ne7 11. Qf3 Rc8 12. Bf2 cxd4 13. exd4 Nd7 14. O-O Bxe5 15.
fxe5 f5 16. exf6 Nxf6 17. Qh3 Qd7 18. Rae1 Ne4 19. Nxe4 dxe4 20. Bxe4 Bxe4 21.
Rxe4 Rf6 22. Rfe1 Nf5 23. Qd3 Rcf8 24. R4e2 b5 25. a3 a6 26. Qe4 h6 27. g4 Nd6
28. Qc2 Qf7 29. Bg3 Rf1+ 30. Kg2 Qf3+ 31. Kh3 Rxe1 32. Rf2 Qe3 33. Rxf8+ Kxf8
34. d5 Ne4 0-1

[Event "Madrid ch veteranos 2014"]
[Site "Madrid ESP"]
[Date "2014.01.16"]
[Round "8.2"]
[White "Perez Agusti, Luis"]
[Black "Gonzalez Rivera, Eduardo"]
[Result "0-1"]
[WhiteElo "1928"]
[BlackElo "2084"]
[PlyCount "60"]
[EventDate "2014.01.07"]
[EventType "swiss"]
[EventRounds "9"]
[EventCountry "ESP"]
[Source "lmi"]
[SourceDate "2014.01.07"]

1. d4 Nf6 2. Bg5 c5 3. Bxf6 gxf6 4. dxc5 e5 5. Nc3 Bxc5 6. Ne4 d5 7. Nxc5 Qa5+
8. Qd2 Qxc5 9. O-O-O Be6 10. g3 Qxf2 11. Bh3 Nd7 12. Kb1 O-O-O 13. Rf1 Qb6 14.
Rf3 Nc5 15. Ra3 Kb8 16. Bg2 Ne4 17. Bxe4 dxe4 18. Qc1 Qf2 19. Nf3 exf3 20. Rxf3
Qxe2 21. Re3 Qd2 22. Qg1 Rc8 23. Ra3 Qxc2+ 24. Ka1 Qc5 25. Qf1 Rhd8 26. Rc3 Qd5
27. Ra3 Rc2 28. Kb1 Rd2 29. Qc1 Bf5+ 30. Ka1 Qxh1 0-1

[Event "Madrid ch veteranos 2014"]
[Site "Madrid ESP"]
[Date "2014.01.16"]
[Round "8.3"]
[White "Casares Ripoll, Fernando"]
[Black "Lopez Heras, Arturo"]
[Result "1-0"]
[WhiteElo "2115"]
[BlackElo "1948"]
[PlyCount "97"]
[EventDate "2014.01.07"]
[EventType "swiss"]
[EventRounds "9"]
[EventCountry "ESP"]
[Source "lmi"]
[SourceDate "2014.01.07"]

1. e4 d6 2. d4 Nf6 3. Nc3 e5 4. Nf3 Nbd7 5. Bg5 c6 6. Qd2 Be7 7. h3 O-O 8. Bd3
b5 9. O-O exd4 10. Nxd4 Ne5 11. Bf4 Qc7 12. Rfe1 b4 13. Nd1 c5 14. Nf5 Re8 15.
Nxe7+ Qxe7 16. Ne3 Be6 17. Rad1 Red8 18. Nd5 Bxd5 19. exd5 Qc7 20. Bxe5 dxe5
21. d6 Qc6 22. Rxe5 c4 23. Be2 Rab8 24. Qd4 c3 25. bxc3 Qxc3 26. Qxc3 bxc3 27.
Bc4 Rb7 28. Re3 Rbd7 29. Rxc3 Rxd6 30. Rxd6 Rxd6 31. Bb3 Kf8 32. Rc7 Rd7 33.
Rxd7 Nxd7 34. Kf1 Ke7 35. Ke2 f6 36. Ke3 Kd6 37. Kd4 Ne5 38. f4 Nd7 39. Kc4 a6
40. Kb4 g5 41. fxg5 fxg5 42. Bc4 Nc5 43. Ka5 Ke5 44. Bxa6 Kd4 45. Bd3 h5 46.
Kb5 g4 47. hxg4 hxg4 48. a4 g3 49. a5 1-0

[Event "Madrid ch veteranos 2014"]
[Site "Madrid ESP"]
[Date "2014.01.16"]
[Round "8.4"]
[White "Perez Cameselle, Francisco"]
[Black "Cabanas Bravo, Juan Andres"]
[Result "1/2-1/2"]
[WhiteElo "1847"]
[BlackElo "2072"]
[PlyCount "115"]
[EventDate "2014.01.07"]
[EventType "swiss"]
[EventRounds "9"]
[EventCountry "ESP"]
[Source "lmi"]
[SourceDate "2014.01.07"]

1. Nf3 Nf6 2. g3 g6 3. Bg2 Bg7 4. O-O O-O 5. d3 d5 6. Nbd2 d4 7. e4 dxe3 8.
fxe3 c5 9. Qe2 Nc6 10. Nb3 b6 11. e4 a5 12. a4 Be6 13. Nbd2 Bg4 14. Qf2 Ne8 15.
Nc4 Nd6 16. Ne3 Bd7 17. c3 e6 18. Nd2 Ne5 19. Qe2 Qe8 20. d4 cxd4 21. cxd4 Nc6
22. e5 Nb7 23. Nf3 Nb4 24. b3 b5 25. axb5 Bxb5 26. Nc4 Qb8 27. Ba3 Nd8 28. Bxb4
axb4 29. Rxa8 Qxa8 30. Qb2 Nc6 31. Ra1 Qb8 32. Nd6 Ne7 33. Nxb5 Qxb5 34. Nd2
Nf5 35. Nc4 Rd8 36. Ra5 Qe8 37. d5 exd5 38. Rxd5 Rxd5 39. Bxd5 Qb5 40. Qd2 Qc5+
41. Kg2 Nd4 42. Ne3 Bxe5 43. Qf2 Qe7 44. Ng4 Bg7 45. Nh6+ Bxh6 46. Qxd4 Bg7 47.
Qe4 Be5 48. Qc4 Kg7 49. Qe4 f5 50. Qc4 g5 51. Qc8 Kg6 52. Qe6+ Qxe6 53. Bxe6 h5
54. h3 Bc3 55. Bc8 Be1 56. g4 hxg4 57. hxg4 f4 58. Kf3 1/2-1/2

[Event "Madrid ch veteranos 2014"]
[Site "Madrid ESP"]
[Date "2014.01.16"]
[Round "8.5"]
[White "Garcia Gutierrez, Jose"]
[Black "Ciuro Munoz, Ricardo"]
[Result "1-0"]
[WhiteElo "2006"]
[BlackElo "2030"]
[PlyCount "89"]
[EventDate "2014.01.07"]
[EventType "swiss"]
[EventRounds "9"]
[EventCountry "ESP"]
[Source "lmi"]
[SourceDate "2014.01.07"]

1. e4 e6 2. d4 d5 3. Nd2 dxe4 4. Nxe4 Bd7 5. Nf3 Bc6 6. Bd3 Nd7 7. c3 Be7 8.
O-O Ngf6 9. Neg5 O-O 10. Re1 h6 11. Ne4 Nxe4 12. Bxe4 Bxe4 13. Rxe4 c5 14. Rg4
Nf6 15. Rg3 Bd6 16. Rh3 e5 17. Bxh6 gxh6 18. dxe5 Bxe5 19. Nxe5 Qxd1+ 20. Rxd1
Rfe8 21. Re3 Rad8 22. Rxd8 Rxd8 23. Rd3 Re8 24. f4 Re7 25. Kf2 h5 26. Kf3 Kg7
27. g3 Re6 28. h3 Ra6 29. a3 Rb6 30. Rd2 Re6 31. g4 hxg4+ 32. hxg4 Ng8 33. Rd7
Re7 34. Rxe7 Nxe7 35. Ke4 b6 36. c4 f6 37. Nf3 f5+ 38. gxf5 Kf6 39. Nh4 Nc6 40.
Kd5 Na5 41. b4 cxb4 42. axb4 Nb7 43. Kc6 a5 44. bxa5 Nxa5+ 45. Kb5 1-0

[Event "Madrid ch veteranos 2014"]
[Site "Madrid ESP"]
[Date "2014.01.16"]
[Round "8.6"]
[White "Fernandez Garcia, Ignacio"]
[Black "Estrada Martinez, Cesar"]
[Result "0-1"]
[WhiteElo "1893"]
[BlackElo "2028"]
[PlyCount "74"]
[EventDate "2014.01.07"]
[EventType "swiss"]
[EventRounds "9"]
[EventCountry "ESP"]
[Source "lmi"]
[SourceDate "2014.01.07"]

1. e4 c5 2. Nf3 g6 3. Nc3 Bg7 4. d3 Nc6 5. Bf4 d6 6. h3 Nf6 7. g4 Nd4 8. Bg2
Qb6 9. Rb1 O-O 10. a3 Bd7 11. Nxd4 cxd4 12. Ne2 Ba4 13. Qd2 Rac8 14. b3 e5 15.
Bg5 Bd7 16. f4 Qc5 17. fxe5 dxe5 18. Rc1 Qxa3 19. O-O Ne8 20. Ra1 Qc5 21. Rfc1
f6 22. Bh6 a6 23. Bxg7 Nxg7 24. Kh2 Ne6 25. h4 Qc7 26. Kg3 g5 27. c4 Nf4 28.
Bf3 Qb6 29. hxg5 fxg5 30. Nxf4 Rxf4 31. Qa5 Qf6 32. Rf1 Rf8 33. Be2 Rf2 34. Qd2
Rf4 35. Rxf4 gxf4+ 36. Kh2 Qh4+ 37. Kg1 f3 0-1

[Event "Madrid ch veteranos 2014"]
[Site "Madrid ESP"]
[Date "2014.01.16"]
[Round "8.7"]
[White "Canseco Arenas, Alfonso"]
[Black "Gonzalez Mateos, Rafael"]
[Result "0-1"]
[WhiteElo "1704"]
[BlackElo "2015"]
[PlyCount "68"]
[EventDate "2014.01.07"]
[EventType "swiss"]
[EventRounds "9"]
[EventCountry "ESP"]
[Source "lmi"]
[SourceDate "2014.01.07"]

1. a3 d5 2. Nf3 c6 3. d4 Bg4 4. g3 Nd7 5. Bg2 e6 6. c3 f5 7. Bf4 Ngf6 8. Nbd2
Qb6 9. b4 a5 10. O-O Be7 11. Rb1 axb4 12. axb4 O-O 13. Ng5 Rfe8 14. Nxe6 Bd8
15. f3 Rxe6 16. fxg4 fxg4 17. e3 Bc7 18. Nb3 Bxf4 19. exf4 Rae8 20. Nc5 Nxc5
21. bxc5 Qa5 22. Qb3 R6e7 23. Ra1 Qc7 24. c4 dxc4 25. Qxc4+ Kh8 26. Kf2 h5 27.
Ra2 Qd7 28. Rfa1 Kh7 29. Ra8 Re2+ 30. Kf1 Rxa8 31. Rxa8 Rd2 32. Ra7 Qe7 33. Ra2
Rd1+ 34. Kf2 Qe1# 0-1

[Event "Madrid ch veteranos 2014"]
[Site "Madrid ESP"]
[Date "2014.01.16"]
[Round "8.8"]
[White "Leniz Martinez, Francisco"]
[Black "Camarero Izquierdo, Juan Carlos"]
[Result "0-1"]
[WhiteElo "1774"]
[BlackElo "1859"]
[PlyCount "82"]
[EventDate "2014.01.07"]
[EventType "swiss"]
[EventRounds "9"]
[EventCountry "ESP"]
[Source "lmi"]
[SourceDate "2014.01.07"]

1. e4 c5 2. Nf3 d6 3. d4 cxd4 4. Nxd4 Nf6 5. Nc3 a6 6. Be2 e6 7. Be3 b5 8. a3
Bb7 9. Bf3 Nbd7 10. Bg5 Be7 11. e5 Bxf3 12. Qxf3 Nxe5 13. Qb7 Qc8 14. Qxc8+
Rxc8 15. Nde2 h6 16. Bh4 Rc4 17. Bg3 Nfd7 18. O-O O-O 19. f3 Rfc8 20. Bf2 d5
21. Rfd1 Bc5 22. Bd4 Bxd4+ 23. Rxd4 Rxd4 24. Nxd4 Nc4 25. Nd1 Nd6 26. c3 e5 27.
Ne2 Nc4 28. a4 Rb8 29. a5 b4 30. b3 Nd2 31. Ne3 Nf6 32. cxb4 Nxb3 33. Rd1 d4
34. Nc2 Nd5 35. Rd3 Rc8 36. Ncxd4 Nxd4 37. Nxd4 exd4 38. Rxd4 Nc3 39. Rd6 Ra8
40. Kf2 Kf8 41. Rc6 Nd5 0-1

[Event "Madrid ch veteranos 2014"]
[Site "Madrid ESP"]
[Date "2014.01.16"]
[Round "8.9"]
[White "Rodriguez Bachiller, Luis"]
[Black "Lopez Rodriguez, Eduardo"]
[Result "0-1"]
[WhiteElo "1769"]
[BlackElo "1848"]
[PlyCount "71"]
[EventDate "2014.01.07"]
[EventType "swiss"]
[EventRounds "9"]
[EventCountry "ESP"]
[Source "lmi"]
[SourceDate "2014.01.07"]

1. e4 c6 2. d4 d5 3. Nc3 e6 4. e5 c5 5. Nf3 Nc6 6. Be3 cxd4 7. Bxd4 Nxd4 8.
Nxd4 a6 9. Be2 Bb4 10. O-O Bxc3 11. bxc3 Qc7 12. f4 Qxc3 13. Rf3 Qc5 14. c3 Ne7
15. Kh1 O-O 16. Nb3 Qc7 17. g4 Bd7 18. Nd4 Rac8 19. Rc1 Nc6 20. Rh3 Nxd4 21.
Qxd4 Qc5 22. Qd3 g6 23. Bf3 f6 24. exf6 Rxf6 25. Qd2 Qf8 26. f5 exf5 27. Bxd5+
Kh8 28. gxf5 gxf5 29. c4 Bc6 30. Bxc6 Rcxc6 31. Qd7 Rf7 32. Qd4+ Qg7 33. Qxg7+
Kxg7 34. Kg2 Rff6 35. Rc2 b5 36. Rd3 0-1

[Event "Madrid ch veteranos 2014"]
[Site "Madrid ESP"]
[Date "2014.01.16"]
[Round "8.10"]
[White "Corredor Gonzalez, Angel L"]
[Black "Hernandez Gutierrez, Jose"]
[Result "0-1"]
[WhiteElo "1771"]
[BlackElo "1835"]
[PlyCount "95"]
[EventDate "2014.01.07"]
[EventType "swiss"]
[EventRounds "9"]
[EventCountry "ESP"]
[Source "lmi"]
[SourceDate "2014.01.07"]

1. e4 c6 2. Nf3 d5 3. Nc3 Bg4 4. h3 Bxf3 5. Qxf3 e6 6. exd5 cxd5 7. Bb5+ Nc6 8.
O-O Nf6 9. d3 Be7 10. Be3 O-O 11. Bxc6 bxc6 12. d4 Rb8 13. Rab1 Qa5 14. Bf4 Rb7
15. a3 c5 16. dxc5 Qxc5 17. Rfd1 Rc8 18. Be5 Nd7 19. Bd4 Qc6 20. Re1 Bf6 21.
Bxf6 Nxf6 22. Re2 a5 23. Qd3 Rcb8 24. Nd1 Ne4 25. Kh2 Nd6 26. b3 Qc5 27. Ra1
Rc7 28. Ne3 Nb5 29. c4 Qd6+ 30. g3 dxc4 31. Qxd6 Nxd6 32. Rd1 Ne4 33. Rc2 c3
34. Nc4 a4 35. Na5 axb3 36. Nxb3 g6 37. Nc1 Rb2 38. Rxb2 cxb2 39. Nd3 Nc3 40.
Nxb2 Nxd1 41. Nxd1 Ra7 42. Kg2 Rxa3 43. Ne3 e5 44. g4 f6 45. Kf3 Kf7 46. Ke4
Ke6 47. f3 Ra4+ 48. Kd3 0-1

[Event "Madrid ch veteranos 2014"]
[Site "Madrid ESP"]
[Date "2014.01.17"]
[Round "9.1"]
[White "Gonzalez Rivera, Eduardo"]
[Black "Fuentes Arjona, Antonio"]
[Result "1/2-1/2"]
[WhiteElo "2084"]
[BlackElo "1992"]
[PlyCount "44"]
[EventDate "2014.01.07"]
[EventType "swiss"]
[EventRounds "9"]
[EventCountry "ESP"]
[Source "lmi"]
[SourceDate "2014.01.07"]

1. e4 c5 2. Nf3 Nc6 3. d4 cxd4 4. Nxd4 g6 5. Be3 Bg7 6. Nc3 Nf6 7. Qd2 O-O 8.
f3 d5 9. Nxc6 bxc6 10. exd5 cxd5 11. Bb5 Bb7 12. O-O a6 13. Ba4 Rc8 14. Bd4 Qd6
15. Rfe1 Nd7 16. Bxg7 Kxg7 17. Rad1 Nf6 18. Qe3 e6 19. Bb3 Qc5 20. Qxc5 Rxc5
21. Rd4 Nd7 22. f4 Rc7 1/2-1/2

[Event "Madrid ch veteranos 2014"]
[Site "Madrid ESP"]
[Date "2014.01.17"]
[Round "9.2"]
[White "Estrada Martinez, Cesar"]
[Black "Martin Martin, Luis Vicente"]
[Result "1-0"]
[WhiteElo "2028"]
[BlackElo "2051"]
[PlyCount "99"]
[EventDate "2014.01.07"]
[EventType "swiss"]
[EventRounds "9"]
[EventCountry "ESP"]
[Source "lmi"]
[SourceDate "2014.01.07"]

1. d4 Nf6 2. c4 e5 3. dxe5 Ne4 4. Nf3 d6 5. Nc3 Nxc3 6. bxc3 Nc6 7. Bg5 Qd7 8.
exd6 Bxd6 9. e3 f6 10. Bh4 Qf7 11. Bg3 Bxg3 12. hxg3 Be6 13. Nd4 Nxd4 14. cxd4
Bxc4 15. Qa4+ b5 16. Bxc4 Qxc4 17. Qxc4 bxc4 18. Rb1 O-O 19. Kd2 Rab8 20. Kc3
Rb6 21. Rxb6 axb6 22. Kxc4 Ra8 23. Kb3 c5 24. dxc5 bxc5 25. Rc1 Ra5 26. Rd1 Ra7
27. Rd8+ Kf7 28. Rc8 Rb7+ 29. Kc2 Ra7 30. Kb3 Rb7+ 31. Kc3 Ra7 32. Kb2 Rb7+ 33.
Ka1 Rb5 34. Rc7+ Kg6 35. a3 Rb3 36. Ka2 Rd3 37. Rb7 c4 38. Rb2 h5 39. Rc2 Kf5
40. Rxc4 Rd2+ 41. Kb3 Rxf2 42. Rf4+ Rxf4 43. gxf4 g5 44. a4 h4 45. a5 g4 46. a6
h3 47. gxh3 g3 48. a7 g2 49. a8=Q g1=Q 50. Qd5+ 1-0

[Event "Madrid ch veteranos 2014"]
[Site "Madrid ESP"]
[Date "2014.01.17"]
[Round "9.3"]
[White "Cabanas Bravo, Juan Andres"]
[Black "Casares Ripoll, Fernando"]
[Result "0-1"]
[WhiteElo "2072"]
[BlackElo "2115"]
[PlyCount "117"]
[EventDate "2014.01.07"]
[EventType "swiss"]
[EventRounds "9"]
[EventCountry "ESP"]
[Source "lmi"]
[SourceDate "2014.01.07"]

1. e4 d5 2. exd5 Nf6 3. d4 Nxd5 4. c4 Nb6 5. Nf3 Bg4 6. c5 N6d7 7. Qb3 Nc6 8.
Be3 Rb8 9. Nbd2 e6 10. Bd3 Be7 11. a3 O-O 12. Rc1 Nf6 13. Qc2 Bh5 14. b4 a6 15.
O-O Bg6 16. Bxg6 hxg6 17. Nc4 Nd5 18. Qd2 Bf6 19. Rfd1 Qe7 20. Qe1 Rbd8 21. Rb1
e5 22. dxe5 Nxe5 23. Nfxe5 Bxe5 24. Na5 Bc3 25. Qe2 Bf6 26. Qf3 Nxe3 27. Qxe3
Qxe3 28. fxe3 b6 29. Nb7 Rxd1+ 30. Rxd1 Rb8 31. c6 Re8 32. Rd7 Be5 33. a4 f5
34. a5 bxa5 35. Nxa5 Rc8 36. Nb7 Bc3 37. Nc5 Bxb4 38. Nxa6 Bd6 39. g3 g5 40.
Kf2 Kh7 41. Kf3 Kg6 42. h3 Kf6 43. g4 g6 44. Rh7 Ke5 45. Rg7 Kf6 46. Rh7 Ke5
47. Rf7 f4 48. exf4+ gxf4 49. h4 Kd5 50. Rg7 Kxc6 51. Rxg6 Kb5 52. Nxc7+ Bxc7
53. h5 Ra8 54. h6 Ra3+ 55. Ke4 Re3+ 56. Kf5 f3 57. Rg5 Kb6 58. h7 f2 59. h8=Q
0-1

[Event "Madrid ch veteranos 2014"]
[Site "Madrid ESP"]
[Date "2014.01.17"]
[Round "9.4"]
[White "Gonzalez Mateos, Rafael"]
[Black "Perez Cameselle, Francisco"]
[Result "0-1"]
[WhiteElo "2015"]
[BlackElo "1847"]
[PlyCount "66"]
[EventDate "2014.01.07"]
[EventType "swiss"]
[EventRounds "9"]
[EventCountry "ESP"]
[Source "lmi"]
[SourceDate "2014.01.07"]

1. d4 e6 2. c3 f5 3. Nf3 Nf6 4. Bg5 Be7 5. Nbd2 d5 6. Ne5 O-O 7. e3 Nbd7 8. f4
Nxe5 9. dxe5 Ne4 10. Bxe7 Qxe7 11. Nxe4 fxe4 12. Be2 g5 13. O-O gxf4 14. exf4
c6 15. Kh1 Bd7 16. Qb3 Be8 17. Rad1 b5 18. a4 a6 19. Ra1 Bg6 20. g3 Qc5 21. Bg4
Bf5 22. Bxf5 exf5 23. Qd1 Ra7 24. axb5 axb5 25. Rxa7 Qxa7 26. g4 Qf7 27. Rg1
Kh8 28. b4 fxg4 29. Rxg4 Qf5 30. h3 e3 31. Qf3 Qxe5 32. fxe5 Rxf3 33. Kg1 e2
0-1

[Event "Madrid ch veteranos 2014"]
[Site "Madrid ESP"]
[Date "2014.01.17"]
[Round "9.5"]
[White "Perez Agusti, Luis"]
[Black "Garcia Gutierrez, Jose"]
[Result "0-1"]
[WhiteElo "1928"]
[BlackElo "2006"]
[PlyCount "84"]
[EventDate "2014.01.07"]
[EventType "swiss"]
[EventRounds "9"]
[EventCountry "ESP"]
[Source "lmi"]
[SourceDate "2014.01.07"]

1. f4 b6 2. e4 Bb7 3. Nc3 e6 4. Nf3 d5 5. exd5 exd5 6. d4 Nf6 7. Bb5+ c6 8. Bd3
Be7 9. O-O O-O 10. Ne5 Nbd7 11. Ne2 Ne4 12. Bxe4 dxe4 13. Ng3 Nf6 14. c4 Qc7
15. b3 Rad8 16. Bb2 b5 17. Qe2 bxc4 18. bxc4 c5 19. d5 Ba6 20. Qc2 Rb8 21. Rfe1
Rb6 22. Nxe4 Nxe4 23. Rxe4 Bf6 24. Re3 Bxe5 25. Bxe5 Qd7 26. Rb3 f6 27. Rh3 g6
28. Bb2 Rb4 29. Rc1 Rxc4 30. Qd2 Qd6 31. Ba3 Re8 32. Rxc4 Bxc4 33. Rc3 Re4 34.
g3 Qe7 35. Rxc4 Rxc4 36. d6 Qe4 37. d7 Qd4+ 38. Qf2 Qxd7 39. Qe2 Rd4 40. Qf3
Rd1+ 41. Kg2 Rd2+ 42. Kf1 Qh3+ 0-1

[Event "Madrid ch veteranos 2014"]
[Site "Madrid ESP"]
[Date "2014.01.17"]
[Round "9.6"]
[White "Lopez Heras, Arturo"]
[Black "Hernandez Gutierrez, Jose"]
[Result "1/2-1/2"]
[WhiteElo "1948"]
[BlackElo "1835"]
[PlyCount "85"]
[EventDate "2014.01.07"]
[EventType "swiss"]
[EventRounds "9"]
[EventCountry "ESP"]
[Source "lmi"]
[SourceDate "2014.01.07"]

1. Nf3 Nf6 2. d3 d5 3. c4 c6 4. cxd5 cxd5 5. g3 g6 6. Bg2 Bg7 7. O-O O-O 8. Nc3
Nc6 9. Bf4 Nh5 10. Bg5 Qa5 11. Qd2 d4 12. Ne4 Qxd2 13. Bxd2 b6 14. Neg5 h6 15.
Nh3 Bd7 16. Rac1 Rac8 17. b4 a6 18. a4 Na7 19. a5 bxa5 20. bxa5 Rxc1 21. Rxc1
Rc8 22. Rxc8+ Bxc8 23. Bb4 Nc6 24. Bc5 e5 25. Bb6 Bd7 26. Nd2 g5 27. Kf1 Bf8
28. Nc4 f6 29. Ng1 Ng7 30. Nf3 Ne8 31. Nfd2 Bb4 32. Ke1 Nd6 33. Kd1 Nb7 34. Nb3
Kf8 35. Kc2 Ke7 36. e3 Be1 37. exd4 exd4 38. Bxc6 Bxc6 39. Nxd4 Ba4+ 40. Nb3
Nd6 41. Bc5 Kd7 42. Nb6+ Ke6 43. Nxa4 1/2-1/2

[Event "Madrid ch veteranos 2014"]
[Site "Madrid ESP"]
[Date "2014.01.17"]
[Round "9.7"]
[White "Lopez Rodriguez, Eduardo"]
[Black "Roldan Garcia, Angel"]
[Result "1-0"]
[WhiteElo "1848"]
[BlackElo "1759"]
[PlyCount "111"]
[EventDate "2014.01.07"]
[EventType "swiss"]
[EventRounds "9"]
[EventCountry "ESP"]
[Source "lmi"]
[SourceDate "2014.01.07"]

1. e4 c5 2. c4 Nc6 3. f4 e6 4. Nf3 Be7 5. Nc3 a6 6. b3 d6 7. Bb2 Bf6 8. Bd3 Nd4
9. O-O Nxf3+ 10. Qxf3 Bd4+ 11. Kh1 Nf6 12. Rae1 e5 13. f5 h5 14. Be2 Bd7 15.
Bc1 Bc6 16. Nd5 Bxd5 17. cxd5 Ng4 18. Qg3 Qg5 19. d3 Qe7 20. Bxg4 hxg4 21. Qxg4
f6 22. Rf3 O-O-O 23. Rh3 Qf7 24. Be3 Bxe3 25. Rexe3 Qc7 26. Reg3 Rxh3 27. Rxh3
Kb8 28. Rh7 Rd7 29. Rh8+ Ka7 30. Qh5 Rf7 31. h3 Re7 32. Rg8 Qa5 33. Qe2 Qc7 34.
g4 Rf7 35. h4 Qe7 36. Qd2 Rf8 37. Rxf8 Qxf8 38. g5 Qh8 39. Qh2 Qh5 40. gxf6
gxf6 41. Qg3 Kb6 42. Kh2 Qe2+ 43. Kh3 Qf1+ 44. Kg4 Qd1+ 45. Qf3 Qg1+ 46. Kh5
Qg7 47. Qe3 Qf7+ 48. Kg4 Qg7+ 49. Kh3 Kb5 50. h5 a5 51. h6 Qf7 52. Kh4 Qf8 53.
Kh3 Kb6 54. Kh2 Qf7 55. Qh3 Qh7 56. Qh5 1-0

[Event "Madrid ch veteranos 2014"]
[Site "Madrid ESP"]
[Date "2014.01.17"]
[Round "9.8"]
[White "Ciuro Munoz, Ricardo"]
[Black "Canseco Arenas, Alfonso"]
[Result "1-0"]
[WhiteElo "2030"]
[BlackElo "1704"]
[PlyCount "51"]
[EventDate "2014.01.07"]
[EventType "swiss"]
[EventRounds "9"]
[EventCountry "ESP"]
[Source "lmi"]
[SourceDate "2014.01.07"]

1. d4 Nf6 2. Bf4 c5 3. c3 cxd4 4. cxd4 Nc6 5. e3 Ne4 6. Nf3 d5 7. Be2 h5 8. Nc3
Qa5 9. Qb3 e6 10. O-O Be7 11. Rad1 g5 12. Nxe4 dxe4 13. Nxg5 Bxg5 14. d5 Bxf4
15. dxc6 Bxh2+ 16. Kxh2 Qe5+ 17. Kg1 bxc6 18. Qc2 Bd7 19. Rd4 f5 20. Rfd1 Rh7
21. Rxd7 Rxd7 22. Qxc6 Rad8 23. Bb5 Qg7 24. Qxe6+ Qe7 25. Qg8+ Qf8 26. Qxf8+
1-0

[Event "Madrid ch veteranos 2014"]
[Site "Madrid ESP"]
[Date "2014.01.17"]
[Round "9.9"]
[White "Osorio Ramos, Francisco"]
[Black "Fernandez Garcia, Ignacio"]
[Result "0-1"]
[WhiteElo "1794"]
[BlackElo "1893"]
[PlyCount "66"]
[EventDate "2014.01.07"]
[EventType "swiss"]
[EventRounds "9"]
[EventCountry "ESP"]
[Source "lmi"]
[SourceDate "2014.01.07"]

1. Nf3 d5 2. d4 Nf6 3. c4 e6 4. Nc3 c6 5. e3 Nbd7 6. b3 Bd6 7. Bd3 O-O 8. O-O
e5 9. cxd5 cxd5 10. dxe5 Nxe5 11. Nb5 Nxf3+ 12. gxf3 Bh3 13. Re1 Be5 14. Ba3
Ne4 15. f4 Nxf2 16. Kxf2 Qh4+ 17. Kg1 Bxa1 18. Bxf8 Rxf8 19. Bf1 Bxf1 20. Rxf1
Bf6 21. Nd6 Qh3 22. Qxd5 Qxe3+ 23. Kg2 Be7 24. Rf3 Qe2+ 25. Kg3 Bxd6 26. Qxd6
Qxa2 27. Qd5 Qa6 28. Rc3 Qb6 29. Rd3 h6 30. Qd7 a6 31. Qd5 Re8 32. Rf3 Re2 33.
Qd1 Qg6+ 0-1

[Event "Madrid ch veteranos 2014"]
[Site "Madrid ESP"]
[Date "2014.01.17"]
[Round "9.10"]
[White "Ruiz Castro, Manuel"]
[Black "Cabrera Jimenez, Julio"]
[Result "0-1"]
[WhiteElo "1722"]
[BlackElo "1877"]
[PlyCount "52"]
[EventDate "2014.01.07"]
[EventType "swiss"]
[EventRounds "9"]
[EventCountry "ESP"]
[Source "lmi"]
[SourceDate "2014.01.07"]

1. e4 c5 2. Nf3 d6 3. Nc3 Nf6 4. d4 cxd4 5. Nxd4 a6 6. Bg5 e6 7. Bd3 Nbd7 8.
O-O Qc7 9. Kh1 b5 10. a3 Be7 11. h3 Bb7 12. Qe2 O-O 13. f4 Rfe8 14. Rae1 h6 15.
Bh4 Nxe4 16. Nxe4 Bxh4 17. Qg4 Bxe1 18. Rxe1 f5 19. Nxf5 exf5 20. Qxf5 Bxe4 21.
Rxe4 Rxe4 22. Bxe4 Rf8 23. Qh7+ Kf7 24. Bd5+ Ke8 25. Qxg7 Qxc2 26. Qg6+ Qxg6
0-1